书目信息 |
| 题名: |
向大师学绘画
|
|
| 作者: | 夏普德 , Sheppard 著 ;关璐 译 | |
| 分册: | 如何临摹古典艺术大师的作品 | |
| 出版信息: | 北京 中国青年出版社 1999 |
|
| 页数: | 135页 | |
| 开本: | 24cm | |
| 丛书名: | ||
| 单 册: | ||
| 中图分类: | J21 , J213 | |
| 科图分类: | ||
| 主题词: | 绘画--技法(美术) , 绘画 , 技法(美术) , 油画--临摹--技法(美术) , 油画 , 临摹 | |
| 电子资源: | ||
| ISBN: | 7-5006-3323-8 | |
| 000 | 00989nam0 2200325 450 | |
| 001 | 1534165239 | |
| 005 | 20150131092946.35 | |
| 010 | @a7-5006-3323-8@dCNY60.00 | |
| 100 | @a19990908d1999 em y0chiy0110 ea | |
| 101 | 1 | @achi@ceng |
| 102 | @aCN@b110000 | |
| 105 | @aa z 000yy | |
| 200 | 1 | @a向大师学绘画@9xiang da shi xue hui hua@i如何临摹古典艺术大师的作品@f(美)约瑟夫·夏普德(Joseph Sheppard)著@g关璐译 |
| 210 | @a北京@c中国青年出版社@d1999 | |
| 215 | @a135页@d24cm | |
| 510 | 1 | @aHow to paint like the old masters@zeng |
| 517 | 1 | @a如何临摹古典艺术大师的作品@9ru he lin mo gu dian yi shu da shi de zuo pin |
| 606 | 0 | @a绘画@x技法(美术) |
| 606 | 0 | @a绘画 |
| 606 | 0 | @a技法(美术) |
| 606 | 0 | @a油画@x临摹@x技法(美术) |
| 606 | 0 | @a油画 |
| 606 | 0 | @a临摹 |
| 690 | @aJ21@v5 | |
| 690 | @aJ213@v5 | |
| 701 | 1 | @a夏普德@9xia pu de@bJ.@4著 |
| 701 | 1 | @aSheppard@bJoseph@4著 |
| 702 | 0 | @a关璐@9guan lu@4译 |
| 801 | 0 | @aCN@bTSSF@c20150131 |
| 905 | @aZUCC@dJ21@eJY49 | |
| 向大师学绘画.如何临摹古典艺术大师的作品/(美)约瑟夫·夏普德(Joseph Sheppard)著/关璐译.-北京:中国青年出版社,1999 |
| 135页;24cm |
| ISBN 7-5006-3323-8:CNY60.00 |
| ● |
| 相关链接 |
|
|
|
|
正题名:向大师学绘画
索取号:J21/JY49
 
预约/预借
| 序号 | 登录号 | 条形码 | 馆藏地/架位号 | 状态 | 备注 |
| 1 | 7862119 | 278621190 | 学院路分馆/ [索取号:J21/JY49] | 在馆 |